01026 a2200193 45000010006000000050017000060080041000230030015000640400040000790800117001192450036002360200018002722640044002903000019003345050283003530410008006361000062006448560126007063200720260407155621.0260407a1992 arg spa dAR-UNSa-BCEJYS aAR-UNSa-BCEJYSbspacAR-UNSa-BCEJYS a316.42xCambio social en sociedades globales. Desarrollo social. Sociología del desarrollo (Desarrollo Humano)10aDesarrollo humanopinforme 1992 a958-601-382-0 1aBogotá :bTercer Mundo Editoresc1992 a286 p.c23 cm. a1. Concepto y medición del desarrollo humano - 2. Libertad política y desarrollo humano - 3. La brecha creciente en oportunidades internacionales - 4. Mercados internacionales, naciones pobres, personas pobres - 5. Una nueva visión sobre el desarrollo humano internacional aspa1 aPrograma de las Naciones Unidas para el Desarrollo (PNUD)41uhttps://biblioeco.unsa.edu.ar/pmb/images/libros/Desarrollo humano informe 1992-l125136.jpgyImagen de portadaqimage/jpeg